000 00945nam a22002177a 4500
003 OSt
005 20250913153005.0
008 240214b ||||| |||| 00| 0 eng d
040 _c0
082 _aDPer 621.381 In821 April 2022 v. 37 n. 4
100 _aLi, Jie.
_eauthor.
_952315
245 _aSystematic design of a 100-W 6.78-MHz wireless charging station covering multiple devices and a large charging area /
_cJie Li, Ruiyang Qin, Jingjing Sun, and Daniel Costinett.
260 _aNew York ;
_bThe Institute of Electrical and Electronics Engineers, Inc. ,
_cApril 2022.
300 _aVolume 37, pages 4877-4889 :
_billustration ;
_c28 cm.
500 _aIEEE Transaction on Power Electronics, vol. 37, no. 4, pages 4877-4889, April 2022.
700 _aLi, Jie.
_eauthor.
_952315
700 _aQin, Ruiyang.
_eauthor.
_952316
700 _aSun, Jingjing.
_eauthor.
_952317
700 _aCostinett, Daniel.
_eauthor.
_952318
942 _2ddc
_cPER
999 _c19136
_d19136